<?xml version="1.0" encoding="UTF-8"?>
<record
    xmlns:xsi="http://www.w3.org/2001/XMLSchema-instance"
    xsi:schemaLocation="http://www.loc.gov/MARC21/slim http://www.loc.gov/standards/marcxml/schema/MARC21slim.xsd"
    xmlns="http://www.loc.gov/MARC21/slim">

  <leader>01419nam1a22002891i 4500</leader>
  <controlfield tag="001">v19\rc\1436399</controlfield>
  <controlfield tag="005">20260406141000.0</controlfield>
  <datafield tag="035" ind1=" " ind2=" ">
    <subfield code="a">(NLR Aleph) 004581000</subfield>
  </datafield>
  <datafield tag="090" ind1=" " ind2=" ">
    <subfield code="a">2529252</subfield>
    <subfield code="c">2529252</subfield>
  </datafield>
  <datafield tag="100" ind1=" " ind2=" ">
    <subfield code="a">20060620g18711873|||y0rusy50      ca</subfield>
  </datafield>
  <datafield tag="101" ind1="0" ind2=" ">
    <subfield code="a">rus</subfield>
  </datafield>
  <datafield tag="102" ind1=" " ind2=" ">
    <subfield code="a">RU</subfield>
  </datafield>
  <datafield tag="105" ind1=" " ind2=" ">
    <subfield code="a">y   z   |||||</subfield>
  </datafield>
  <datafield tag="200" ind1="1" ind2=" ">
    <subfield code="a">&#x416;&#x443;&#x440;&#x43D;&#x430;&#x43B; &#x437;&#x430;&#x441;&#x435;&#x434;&#x430;&#x43D;&#x438;&#x44F; &#x41C;&#x43E;&#x441;&#x43A;&#x43E;&#x432;&#x441;&#x43A;&#x43E;&#x433;&#x43E; &#x43A;&#x43E;&#x43C;&#x438;&#x442;&#x435;&#x442;&#x430; &#x433;&#x440;&#x430;&#x43C;&#x43E;&#x442;&#x43D;&#x43E;&#x441;&#x442;&#x438;...</subfield>
  </datafield>
  <datafield tag="210" ind1=" " ind2=" ">
    <subfield code="a">[&#x41C;&#x43E;&#x441;&#x43A;&#x432;&#x430;</subfield>
    <subfield code="d">1871]-&#x446;&#x435;&#x43D;&#x437;. 1873-1873</subfield>
  </datafield>
  <datafield tag="215" ind1=" " ind2=" ">
    <subfield code="d">23</subfield>
  </datafield>
  <datafield tag="300" ind1=" " ind2=" ">
    <subfield code="a">&#x412; &#x447;&#x430;&#x441;&#x442;&#x438; &#x438;&#x437;&#x434;. &#x437;&#x430;&#x433;&#x43B;.: &#x416;&#x443;&#x440;&#x43D;&#x430;&#x43B;&#x44B; &#x437;&#x430;&#x441;&#x435;&#x434;&#x430;&#x43D;&#x438;&#x439; &#x41A;&#x43E;&#x43C;&#x438;&#x442;&#x435;&#x442;&#x430; &#x433;&#x440;&#x430;&#x43C;&#x43E;&#x442;&#x43D;&#x43E;&#x441;&#x442;&#x438;, &#x441;&#x43E;&#x441;&#x442;&#x43E;&#x44F;&#x449;&#x435;&#x433;&#x43E; &#x43F;&#x440;&#x438; &#x41C;&#x43E;&#x441;&#x43A;&#x43E;&#x432;&#x441;&#x43A;&#x43E;&#x43C; &#x43E;&#x431;&#x449;&#x435;&#x441;&#x442;&#x432;&#x435; &#x441;&#x435;&#x43B;&#x44C;&#x441;&#x43A;&#x43E;&#x433;&#x43E; &#x445;&#x43E;&#x437;&#x44F;&#x439;&#x441;&#x442;&#x432;&#x430;</subfield>
  </datafield>
  <datafield tag="517" ind1="0" ind2=" ">
    <subfield code="a">&#x416;&#x443;&#x440;&#x43D;&#x430;&#x43B;&#x44B; &#x437;&#x430;&#x441;&#x435;&#x434;&#x430;&#x43D;&#x438;&#x439; &#x41A;&#x43E;&#x43C;&#x438;&#x442;&#x435;&#x442;&#x430; &#x433;&#x440;&#x430;&#x43C;&#x43E;&#x442;&#x43D;&#x43E;&#x441;&#x442;&#x438;, &#x441;&#x43E;&#x441;&#x442;&#x43E;&#x44F;&#x449;&#x435;&#x433;&#x43E; &#x43F;&#x440;&#x438; &#x41C;&#x43E;&#x441;&#x43A;&#x43E;&#x432;&#x441;&#x43A;&#x43E;&#x43C; &#x43E;&#x431;&#x449;&#x435;&#x441;&#x442;&#x432;&#x435; &#x441;&#x435;&#x43B;&#x44C;&#x441;&#x43A;&#x43E;&#x433;&#x43E; &#x445;&#x43E;&#x437;&#x44F;&#x439;&#x441;&#x442;&#x432;&#x430;</subfield>
  </datafield>
  <datafield tag="710" ind1="0" ind2="2">
    <subfield code="a">&#x41C;&#x43E;&#x441;&#x43A;&#x43E;&#x432;&#x441;&#x43A;&#x43E;&#x435; &#x43E;&#x431;&#x449;&#x435;&#x441;&#x442;&#x432;&#x43E; &#x441;&#x435;&#x43B;&#x44C;&#x441;&#x43A;&#x43E;&#x433;&#x43E; &#x445;&#x43E;&#x437;&#x44F;&#x439;&#x441;&#x442;&#x432;&#x430;</subfield>
    <subfield code="b">&#x41A;&#x43E;&#x43C;&#x438;&#x442;&#x435;&#x442; &#x433;&#x440;&#x430;&#x43C;&#x43E;&#x442;&#x43D;&#x43E;&#x441;&#x442;&#x438;</subfield>
    <subfield code="3">RU\NLR\AUTH\889920045</subfield>
    <subfield code="9">336327</subfield>
  </datafield>
  <datafield tag="801" ind1=" " ind2="0">
    <subfield code="a">RU</subfield>
    <subfield code="b">NLR</subfield>
    <subfield code="g">psbo</subfield>
  </datafield>
  <datafield tag="801" ind1=" " ind2="0">
    <subfield code="a">RU</subfield>
    <subfield code="b">RuMoRGB</subfield>
    <subfield code="2">psbo</subfield>
  </datafield>
  <datafield tag="801" ind1=" " ind2="1">
    <subfield code="a">RU</subfield>
    <subfield code="b">ProSoft-M</subfield>
    <subfield code="2">rusmarc</subfield>
  </datafield>
  <datafield tag="852" ind1=" " ind2=" ">
    <subfield code="a">NLR</subfield>
    <subfield code="j">&#x428;&#x438;&#x444;&#x440;&#x44B; &#x440;&#x430;&#x437;&#x43D;&#x44B;&#x435;</subfield>
  </datafield>
  <datafield tag="899" ind1=" " ind2=" ">
    <subfield code="a">RuMoRGB (19 &#x43E;&#x43A;&#x442;. &#x438; 26 &#x43D;&#x43E;&#x44F;&#x431;. 1871)</subfield>
    <subfield code="j">A 198/446</subfield>
  </datafield>
  <datafield tag="899" ind1=" " ind2=" ">
    <subfield code="a">RuMoRGB (19 &#x43E;&#x43A;&#x442;. &#x438; 26 &#x43D;&#x43E;&#x44F;&#x431;. 1871)</subfield>
    <subfield code="j">U 402/827</subfield>
  </datafield>
  <datafield tag="899" ind1=" " ind2=" ">
    <subfield code="a">&#x413;&#x41F;&#x418;&#x411; (19 &#x43E;&#x43A;&#x442;. &#x438; 26 &#x43D;&#x43E;&#x44F;&#x431;. 1871)</subfield>
  </datafield>
  <datafield tag="942" ind1=" " ind2=" ">
    <subfield code="c">BOOK</subfield>
  </datafield>
</record>
